000 00266nam a22001217a 4500
008 181105b xxu||||| |||| 00| 0 eng d
041 _aeng
080 _28th
_a371
100 _a46
101 _aEDU
245 _aExploring Language
_cGoshgarian,G
942 _2udc
_cBK
999 _c51834
_d51834